Statistics for Who's That Pokémon? - Silhouette Quiz

Click here to take the quiz!

General Stats

  • This quiz has been taken 2,572 times
  • The average score is 9 of 10

Answers on the Map

Answers color-coded by a green-red scale on the quiz's map according to % correct below.
 

Answer Stats

Pokémon% Correct
Mew
99%
Gengar
97%
Glaceon
89%
Chansey
88%
Marowak
88%
Blaziken
87%
Ralts
87%
Sudowoodo
87%
Heracross
83%
Registeel
82%

Score Distribution

Percentile by Number Answered

Percent of People with Each Score

Your Score History

You have not taken this quiz